Intermodal transportation - driving rorce for development of business logistics

Význam intermodálnej dopravy. Výhody intermodálnej dopravy pre globálny obchod. Intermodálna doprava - hnacia sila pre vývoj obchodnej logistiky. Logistika a obchodná technológia. Spokojnosť zákazníka.

Guardado en:
Detalles Bibliográficos
Autor principal: Ho Thi Thu Hoa
Formato: Capítulo de libro
Lenguaje:inglés
Materias:
Etiquetas: Agregar Etiqueta
Sin Etiquetas, Sea el primero en etiquetar este registro!

MARC

LEADER 00000naa$a2200000$$$4500
001 0059919
005 20240502071649.1
041 0 |a eng 
044 |a SK 
245 1 0 |a Intermodal transportation - driving rorce for development of business logistics  |c Ho Thi Thu Hoa 
520 |a Význam intermodálnej dopravy. Výhody intermodálnej dopravy pre globálny obchod. Intermodálna doprava - hnacia sila pre vývoj obchodnej logistiky. Logistika a obchodná technológia. Spokojnosť zákazníka. 
610 2 0 |a doprava 
610 2 0 |a doprava medzinárodná 
610 2 0 |a logistika 
610 2 0 |a logistika obchodná 
610 2 0 |a technológie nové 
610 2 0 |a globalizácia 
100 1 |a Ho Thi Thu Hoa